| 000 | 01122cam a22003137a 4500 | ||
|---|---|---|---|
| 001 | 13958397 | ||
| 005 | 20170105102858.0 | ||
| 008 | 050509s2006 at ab b 001 0 eng d | ||
| 010 | _a 2005297997 | ||
| 020 | _a0534997600 | ||
| 035 | _a(OCoLC)ocm59113997 | ||
| 040 |
_aQCE _cQCE _dDLC |
||
| 042 | _alccopycat | ||
| 050 | 0 | 0 |
_aGB5014 _b.H95 2006 |
| 082 | 0 | 0 |
_a363.34 _222 |
| 100 | 1 | _aHyndman, Donald W. | |
| 245 | 1 | 0 |
_aNatural hazards and disasters / _cDonald Hyndman, David Hyndman. |
| 260 |
_aAustralia ; _aUnited States : _bThomson Higher Education, _cc2006. |
||
| 300 |
_axvii, 490 p. : _bill., maps ; _c28 cm. |
||
| 504 | _aIncludes bibliographical references and index. | ||
| 650 | 0 | _aNatural disasters. | |
| 650 | 0 |
_aDisasters _zUnited States. |
|
| 650 | 0 |
_aEnvironmental risk assessment _zUnited States. |
|
| 650 | 0 |
_aEmergency management _zUnited States. |
|
| 700 | 1 | _aHyndman, David W. | |
| 906 |
_a7 _bcbc _ccopycat _d3 _encip _f20 _gy-gencatlg |
||
| 942 |
_2ddc _cBK |
||
| 999 |
_c14572 _d14572 |
||